000 00412nam a2200169Ia 4500
001 18317
003 IN-NITTTR
005 20251114233213.0
008 251113s9999||||xx |||||||||||||| ||eng||
040 _beng
040 _cIN-NITTTR
041 _aeng
082 _a025.5 B855L
100 _aBuckland, Michael K.
245 0 _aLibrary services in theory and context /
_cBuckland, Michael K.
942 _2ddc
_cBK
999 _c20951
_d20951